00353nam a2200145 a 4500020001800000082001500018100002300033245001900056260002500075300000900100500003500109505002700144650001300171700002300184 a8172142 00a220.6bEMI aEmilsen, William W aGandhi`s Bible aDelhi bISPCK c2001 a185p aincludes index and biblioraphy2 aGlossary, Bibliography aTheology1 aEmilsen, William W